00771nam a2200217 a 450000100100000000500170001000800410002704000250006808200130009310000210010624000470012724501050017426000370027930000250031649000160034153400720035765000300042965000430045965000330050283000180053500002431120260401105821.0110126s1959 ag r 000 0 spa d aDO-SdBNPbspacBNPHU axxxbxxx1 aJeangros, Ervin,10aBerufsberatung und berufswahl.lEspañol.10aOrientación vocacional y profesional /cErvin Jeangros ; traducción de María Ruth R. Margrett. aBuenos Aires :bKapelusz,c1959. avi, 167 p. ;c20 cm.1 aMorenov372 aTítulo de la edición original :pBerufsberatung und berufswahl. 4aOrientación estudiantil 0aOrientación profesional y vocacional 0aAdministración de personal 0aMoreno ;v372